000 01211nam a22002537a 4500
005 20170124102953.0
010 _aA-595436
020 _c200.00
035 _aA-595436
037 _bCen Lib/Ret
040 _aDPL
_bHN
082 _a821.08
_bगुप्तामं
100 _aगुप्ता, मंजु
_952332
245 _aहिन्दी नयी कविता का सौंदर्यशास्त्रीय अध्य्यन /
_cमंजु गुप्ता
246 _aHindi nayi kavita ka saunderyeshastriye adhyyan /
_bby Manju Gupta
260 _aइलाहाबाद
_bलोकभारती प्रकाशन
_c1992
270 _bइलाहाबाद
_a15-ए, महात्मा गाँधी मार्ग
300 _axx,423पृ.
_c21सेमी (सजिल्द)
650 _aहिन्दी -- साहित्य
_952333
650 _aहिन्दी -- कविता में सौंदर्य चेतना
_952334
650 _aHindi - literature
_952335
650 _aHindi -- Aesthetic consciousness in poetry
_952336
942 _2ddc
_cHN
_h821.08
_mगुप्तामं
999 _c113461
_d113461